{"text_format":"3","workbook":"xlsx","n_sheets":1,"sheets":["t359"],"read":"whole","date_system":"1900"}

{"sheet":"t359","index":0,"n_rows":194,"n_cols":7,"rows_kept":194,"merged":[[0,0,0,6],[28,0,28,5],[47,0,47,5],[154,0,154,5]]}
["TABELA 359.1 - Estatísticas Agrícolas, Município de Narandiba, Estado de São Paulo, 2016/17."]
["ITEM","UNIDADE","N.DE UPAs","MÍNIMO","MÉDIO","MÁXIMO","TOTAL"]
["Distância à sede do município","km",291,0.2,{"v":19.19,"d":"19.2"},{"v":48,"d":"48.0"},"-"]
["Área total","hectare",291,{"v":1,"d":"1.0"},{"v":117.21,"d":"117.2"},{"v":13949.6,"d":"13,949.6"},{"v":34107.64,"d":"34,107.6"}]
["Área com cultura perene","hectare",15,0.1,{"v":5.25,"d":"5.3"},24.8,78.8]
["Área com cultura temporária","hectare",138,0.1,119.8,{"v":9228.8,"d":"9,228.8"},{"v":16532.1,"d":"16,532.1"}]
["Área com pastagem","hectare",202,0.5,{"v":49.97,"d":"50.0"},{"v":3021.9,"d":"3,021.9"},{"v":10094,"d":"10,094.0"}]
["Área com reflorestamento","hectare",22,0.1,{"v":3.68,"d":"3.7"},{"v":20,"d":"20.0"},80.9]
["Área com vegetação natural","hectare",97,0.1,{"v":39.77,"d":"39.8"},{"v":1589.9,"d":"1,589.9"},{"v":3857.73,"d":"3,857.7"}]
["Área com vegetação de brejo e várzea","hectare",15,{"v":0.07,"d":"0.1"},{"v":212.97,"d":"213.0"},{"v":3074.9,"d":"3,074.9"},{"v":3194.57,"d":"3,194.6"}]
["Área em descanso","hectare",12,0.4,{"v":4.21,"d":"4.2"},24.2,{"v":50.47,"d":"50.5"}]
["Área complementar","hectare",237,0.1,{"v":0.92,"d":"0.9"},{"v":56,"d":"56.0"},{"v":219.07,"d":"219.1"}]
["Área das UPAs com (0, 1] ha","hectare",1,{"v":1,"d":"1.0"},{"v":1,"d":"1.0"},{"v":1,"d":"1.0"},{"v":1,"d":"1.0"}]
["Área das UPAs com (1, 2] ha","hectare",4,1.2,{"v":1.68,"d":"1.7"},{"v":2,"d":"2.0"},6.7]
["Área das UPAs com (2, 5] ha","hectare",60,2.4,{"v":3.13,"d":"3.1"},4.9,{"v":188.07,"d":"188.1"}]
["Área das UPAs com (5, 10] ha","hectare",17,{"v":6,"d":"6.0"},{"v":7.49,"d":"7.5"},9.6,127.4]
["Área das UPAs com (10, 20] ha","hectare",93,10.7,{"v":15.82,"d":"15.8"},{"v":20,"d":"20.0"},{"v":1471.5,"d":"1,471.5"}]
["Área das UPAs com (20, 50] ha","hectare",61,{"v":21,"d":"21.0"},{"v":32.58,"d":"32.6"},48.4,{"v":1987.62,"d":"1,987.6"}]
["Área das UPAs com (50, 100] ha","hectare",19,50.8,69.2,{"v":99,"d":"99.0"},{"v":1314.8,"d":"1,314.8"}]
["Área das UPAs com (100, 200] ha","hectare",16,101.5,{"v":150.69,"d":"150.7"},183.5,{"v":2411.05,"d":"2,411.1"}]
["Área das UPAs com (200, 500] ha","hectare",14,205.7,{"v":293.69,"d":"293.7"},423.7,{"v":4111.6,"d":"4,111.6"}]
["Área das UPAs com (500, 1.000] ha","hectare",3,520.8,628.5,728.3,{"v":1885.5,"d":"1,885.5"}]
["Área das UPAs com (1.000, 2.000] ha","hectare","-","-","-","-","-"]
["Área das UPAs com (2.000, 5.000] ha","hectare",2,{"v":2144.5,"d":"2,144.5"},{"v":3326.4,"d":"3,326.4"},{"v":4508.3,"d":"4,508.3"},{"v":6652.8,"d":"6,652.8"}]
["Área das UPAs com (5.000, 10.000] ha","hectare","-","-","-","-","-"]
["Área das UPAs acima de 10.000 ha","hectare",1,{"v":13949.6,"d":"13,949.6"},{"v":13949.6,"d":"13,949.6"},{"v":13949.6,"d":"13,949.6"},{"v":13949.6,"d":"13,949.6"}]
["Fonte: Secretaria de Agricultura e Abastecimento, CDRS/IEA, Projeto LUPA."]
[]
["TABELA 359.2 - Explorações Animais, Município de Narandiba, Estado de São Paulo, 2016/17."]
["ITEM","UNIDADE","N.DE UPAs","MÍNIMO","MÉDIO","MÁXIMO","TOTAL"]
["Asininos e muares","cabecas",6,{"v":1,"d":"1.0"},{"v":1.83,"d":"1.8"},{"v":5,"d":"5.0"},{"v":11,"d":"11.0"}]
["Avestruzes e ema (criadouro)","cabecas",1,{"v":80,"d":"80.0"},{"v":80,"d":"80.0"},{"v":80,"d":"80.0"},{"v":80,"d":"80.0"}]
["Avicultura de corte","cabecas/ano",5,{"v":20,"d":"20.0"},{"v":33,"d":"33.0"},{"v":50,"d":"50.0"},{"v":165,"d":"165.0"}]
["Avicultura ornamental/decorativa/exotica","cabecas",1,{"v":68,"d":"68.0"},{"v":68,"d":"68.0"},{"v":68,"d":"68.0"},{"v":68,"d":"68.0"}]
["Bovinocultura de corte","cabecas",49,{"v":2,"d":"2.0"},{"v":186.16,"d":"186.2"},{"v":2500,"d":"2,500.0"},{"v":9122,"d":"9,122.0"}]
["Bovinocultura leiteira","cabecas",32,{"v":1,"d":"1.0"},{"v":22.59,"d":"22.6"},{"v":180,"d":"180.0"},{"v":723,"d":"723.0"}]
["Bovinocultura mista","cabecas",90,{"v":1,"d":"1.0"},{"v":44.44,"d":"44.4"},{"v":600,"d":"600.0"},{"v":4000,"d":"4,000.0"}]
["Bubalinocultura","cabecas",1,{"v":6,"d":"6.0"},{"v":6,"d":"6.0"},{"v":6,"d":"6.0"},{"v":6,"d":"6.0"}]
["Caprinocultura","cabecas",3,{"v":6,"d":"6.0"},{"v":32,"d":"32.0"},{"v":70,"d":"70.0"},{"v":96,"d":"96.0"}]
["Equinocultura","cabecas",113,{"v":1,"d":"1.0"},{"v":5.12,"d":"5.1"},{"v":171,"d":"171.0"},{"v":578,"d":"578.0"}]
["Helicicultura","viveiros",1,{"v":2,"d":"2.0"},{"v":2,"d":"2.0"},{"v":2,"d":"2.0"},{"v":2,"d":"2.0"}]
["Ovinocultura","cabecas",12,{"v":1,"d":"1.0"},{"v":44.75,"d":"44.8"},{"v":320,"d":"320.0"},{"v":537,"d":"537.0"}]
["Piscicultura","m2 tanques",1,{"v":5000,"d":"5,000.0"},{"v":5000,"d":"5,000.0"},{"v":5000,"d":"5,000.0"},{"v":5000,"d":"5,000.0"}]
["Sericicultura","gramas larvas/ano",1,{"v":1,"d":"1.0"},{"v":1,"d":"1.0"},{"v":1,"d":"1.0"},{"v":1,"d":"1.0"}]
["Suinocultura","cabecas",12,{"v":1,"d":"1.0"},{"v":9.42,"d":"9.4"},{"v":63,"d":"63.0"},{"v":113,"d":"113.0"}]
["Fonte: Secretaria de Agricultura e Abastecimento, CDRS/IEA, Projeto LUPA."]
[]
["TABELA 359.3 -  Máquinas, Implementos e Benfeitorias, Município de Narandiba, Estado de São Paulo, 2016/17."]
["ITEM","UNIDADE","N.DE UPAs","MÍNIMO","MÉDIO","MÁXIMO","TOTAL"]
["Arado comum (bacia, aiveca)","unidade",33,{"v":1,"d":"1.0"},{"v":1.36,"d":"1.4"},{"v":5,"d":"5.0"},{"v":45,"d":"45.0"}]
["Arado escarificador","unidade",3,{"v":1,"d":"1.0"},{"v":1.33,"d":"1.3"},{"v":2,"d":"2.0"},{"v":4,"d":"4.0"}]
["Arado subsolador","unidade",5,{"v":1,"d":"1.0"},1.6,{"v":4,"d":"4.0"},{"v":8,"d":"8.0"}]
["Batedeira de cereais","unidade",4,{"v":1,"d":"1.0"},1.5,{"v":2,"d":"2.0"},{"v":6,"d":"6.0"}]
["Camara fria","unidade",1,{"v":1,"d":"1.0"},{"v":1,"d":"1.0"},{"v":1,"d":"1.0"},{"v":1,"d":"1.0"}]
["Carregadeira de cana","unidade",1,{"v":1,"d":"1.0"},{"v":1,"d":"1.0"},{"v":1,"d":"1.0"},{"v":1,"d":"1.0"}]
["Colhedeira acoplada","unidade",4,{"v":1,"d":"1.0"},{"v":1.25,"d":"1.3"},{"v":2,"d":"2.0"},{"v":5,"d":"5.0"}]
["Colhedeira automotriz","unidade",3,{"v":1,"d":"1.0"},{"v":1,"d":"1.0"},{"v":1,"d":"1.0"},{"v":3,"d":"3.0"}]
["Computador","unidade",2,{"v":1,"d":"1.0"},{"v":1,"d":"1.0"},{"v":1,"d":"1.0"},{"v":2,"d":"2.0"}]
["Conj.irrigacao convencional","unidade",2,{"v":1,"d":"1.0"},1.5,{"v":2,"d":"2.0"},{"v":3,"d":"3.0"}]
["Conj.irrigacao pivot central","unidade",1,{"v":1,"d":"1.0"},{"v":1,"d":"1.0"},{"v":1,"d":"1.0"},{"v":1,"d":"1.0"}]
["Conj.irrigacao/gotejamento/microaspersao","unidade",2,{"v":1,"d":"1.0"},{"v":1,"d":"1.0"},{"v":1,"d":"1.0"},{"v":2,"d":"2.0"}]
["Conjunto de fenacao","unidade",2,{"v":1,"d":"1.0"},{"v":1,"d":"1.0"},{"v":1,"d":"1.0"},{"v":2,"d":"2.0"}]
["Desintegrador, picador, triturador","unidade",35,{"v":1,"d":"1.0"},1.2,{"v":4,"d":"4.0"},{"v":42,"d":"42.0"}]
["Distribuidor de calcario","unidade",11,{"v":1,"d":"1.0"},{"v":1.45,"d":"1.5"},{"v":3,"d":"3.0"},{"v":16,"d":"16.0"}]
["Ensiladeira","unidade",12,{"v":1,"d":"1.0"},{"v":1.25,"d":"1.3"},{"v":2,"d":"2.0"},{"v":15,"d":"15.0"}]
["Grade aradora (tipo romi)","unidade",20,{"v":1,"d":"1.0"},{"v":1.45,"d":"1.5"},{"v":4,"d":"4.0"},{"v":29,"d":"29.0"}]
["Grade niveladora","unidade",25,{"v":1,"d":"1.0"},1.2,{"v":4,"d":"4.0"},{"v":30,"d":"30.0"}]
["Implementos para tracao animal","unidade",23,{"v":1,"d":"1.0"},{"v":3.17,"d":"3.2"},{"v":6,"d":"6.0"},{"v":73,"d":"73.0"}]
["Misturador de racao","unidade",3,{"v":1,"d":"1.0"},{"v":1,"d":"1.0"},{"v":1,"d":"1.0"},{"v":3,"d":"3.0"}]
["Mmicrotrator","unidade",3,{"v":1,"d":"1.0"},{"v":1,"d":"1.0"},{"v":1,"d":"1.0"},{"v":3,"d":"3.0"}]
["Ordenhadeira mecanica","unidade",5,{"v":1,"d":"1.0"},{"v":1,"d":"1.0"},{"v":1,"d":"1.0"},{"v":5,"d":"5.0"}]
["Pulverizador tratorizado","unidade",20,{"v":1,"d":"1.0"},{"v":1.45,"d":"1.5"},{"v":3,"d":"3.0"},{"v":29,"d":"29.0"}]
["Resfriador de leite, tanque expansao","unidade",3,{"v":1,"d":"1.0"},{"v":1,"d":"1.0"},{"v":1,"d":"1.0"},{"v":3,"d":"3.0"}]
["Semeadeira/adubadeira para plantio convencional","unidade",11,{"v":1,"d":"1.0"},{"v":1,"d":"1.0"},{"v":1,"d":"1.0"},{"v":11,"d":"11.0"}]
["Semeadeira/plantadeira plantio direto","unidade",4,{"v":1,"d":"1.0"},{"v":1,"d":"1.0"},{"v":1,"d":"1.0"},{"v":4,"d":"4.0"}]
["Terraceador","unidade",3,{"v":1,"d":"1.0"},{"v":1,"d":"1.0"},{"v":1,"d":"1.0"},{"v":3,"d":"3.0"}]
["Trator de esteiras","unidade",4,{"v":1,"d":"1.0"},1.5,{"v":3,"d":"3.0"},{"v":6,"d":"6.0"}]
["Trator de pneus até 65 cv","unidade",51,{"v":1,"d":"1.0"},{"v":1.47,"d":"1.5"},{"v":8,"d":"8.0"},{"v":75,"d":"75.0"}]
["Trator de pneus de 66 cv a 85 cv","unidade",1,{"v":16,"d":"16.0"},{"v":16,"d":"16.0"},{"v":16,"d":"16.0"},{"v":16,"d":"16.0"}]
["Acude/represa","unidade",44,{"v":1,"d":"1.0"},{"v":3.36,"d":"3.4"},{"v":38,"d":"38.0"},{"v":148,"d":"148.0"}]
["Almoxarifado/oficina","unidade",5,{"v":1,"d":"1.0"},{"v":1,"d":"1.0"},{"v":1,"d":"1.0"},{"v":5,"d":"5.0"}]
["Armazem para graos ensacados","sacas",3]
["Balanca para bovinos","unidade",7,{"v":1,"d":"1.0"},{"v":1.71,"d":"1.7"},{"v":4,"d":"4.0"},{"v":12,"d":"12.0"}]
["Balanca para veiculos","unidade",2,{"v":1,"d":"1.0"},{"v":1,"d":"1.0"},{"v":1,"d":"1.0"},{"v":2,"d":"2.0"}]
["Barracao para bicho da seda/sirgaria","unidade",7,{"v":1,"d":"1.0"},{"v":1,"d":"1.0"},{"v":1,"d":"1.0"},{"v":7,"d":"7.0"}]
["Barracao para granja/avicultura","unidade",1,{"v":2,"d":"2.0"},{"v":2,"d":"2.0"},{"v":2,"d":"2.0"},{"v":2,"d":"2.0"}]
["Barracao/galpao/garagem","unidade",65,{"v":1,"d":"1.0"},{"v":1.38,"d":"1.4"},{"v":4,"d":"4.0"},{"v":90,"d":"90.0"}]
["Casa de moradia habitada","unidade",158,{"v":1,"d":"1.0"},{"v":1.71,"d":"1.7"},{"v":34,"d":"34.0"},{"v":270,"d":"270.0"}]
["Casa de moradia total","unidade",214,{"v":1,"d":"1.0"},1.9,{"v":34,"d":"34.0"},{"v":407,"d":"407.0"}]
["Curral/mangueira","unidade",106,{"v":1,"d":"1.0"},{"v":1.12,"d":"1.1"},{"v":6,"d":"6.0"},{"v":119,"d":"119.0"}]
["Deposito/tulha","unidade",89,{"v":1,"d":"1.0"},{"v":1.18,"d":"1.2"},{"v":3,"d":"3.0"},{"v":105,"d":"105.0"}]
["Estabulo","unidade",9,{"v":1,"d":"1.0"},{"v":1.44,"d":"1.4"},{"v":3,"d":"3.0"},{"v":13,"d":"13.0"}]
["Estacao/posto meteorologico","unidade",1,{"v":2,"d":"2.0"},{"v":2,"d":"2.0"},{"v":2,"d":"2.0"},{"v":2,"d":"2.0"}]
["Fabrica de racao","unidade",1,{"v":1,"d":"1.0"},{"v":1,"d":"1.0"},{"v":1,"d":"1.0"},{"v":1,"d":"1.0"}]
["Instalacoes para equinos","unidade",3,{"v":2,"d":"2.0"},{"v":6.67,"d":"6.7"},{"v":14,"d":"14.0"},{"v":20,"d":"20.0"}]
["Maquina de beneficio","unidade",1,{"v":1,"d":"1.0"},{"v":1,"d":"1.0"},{"v":1,"d":"1.0"},{"v":1,"d":"1.0"}]
["Pocilga","unidade",7,{"v":1,"d":"1.0"},{"v":3.14,"d":"3.1"},{"v":10,"d":"10.0"},{"v":22,"d":"22.0"}]
["Poco semi-artesiano","unidade",46,{"v":1,"d":"1.0"},{"v":1.04,"d":"1.0"},{"v":2,"d":"2.0"},{"v":48,"d":"48.0"}]
["Secador de graos","unidade",1,{"v":1,"d":"1.0"},{"v":1,"d":"1.0"},{"v":1,"d":"1.0"},{"v":1,"d":"1.0"}]
["Silo para silagem","ton",4]
["Fonte: Secretaria de Agricultura e Abastecimento, CDRS/IEA, Projeto LUPA."]
[]
["TABELA 359.4 - Outras Estatísticas Agrícolas, Município de Narandiba, Estado de São Paulo, 2016/17."]
["ITEM","Número de UPAs",null,"Percentual"]
["Faz Parte de Associação de Produtores",120,null,{"v":41.23711340206186,"d":"41.2"}]
["Faz Parte de Cooperativa de Produtores",67,null,{"v":23.02405498281787,"d":"23.0"}]
["Faz Parte do Sindicato de Produtores",120,null,{"v":41.23711340206186,"d":"41.2"}]
["Não utiliza assistência técnica ",48,null,{"v":16.49484536082474,"d":"16.5"}]
["Utiliza somente assistência técnica governamental ",156,null,{"v":53.608247422680414,"d":"53.6"}]
["Utiliza somente assistência técnica privada ",72,null,{"v":24.742268041237114,"d":"24.7"}]
["Utiliza assistência técnica tanto governamental quanto privada",15,null,{"v":5.154639175257732,"d":"5.2"}]
["Utiliza Crédito Rural",70,null,{"v":24.054982817869416,"d":"24.1"}]
["Utiliza Seguro Rural",4,null,{"v":1.3745704467353952,"d":"1.4"}]
["Utiliza Escrituração Agrícola",203,null,{"v":69.7594501718213,"d":"69.8"}]
["Acessa Internet p/ Fins na Agropecuária",18,null,{"v":6.185567010309279,"d":"6.2"}]
["Utiliza Computador nas Atividades Agropecuárias",18,null,{"v":6.185567010309279,"d":"6.2"}]
["Utiliza Energia Elétrica Para Uso na Atividade Agrícola",256,null,{"v":87.97250859106529,"d":"88.0"}]
["Utiliza Energia Alternativa",2,null,{"v":0.6872852233676976,"d":"0.7"}]
["Realiza Análise de Solo, quando necessário",171,null,{"v":58.76288659793814,"d":"58.8"}]
["Realiza Calagem",17,null,{"v":5.841924398625429,"d":"5.8"}]
["Utiliza Práticas de Conservação de Solo, quando necessário",245,null,{"v":84.19243986254294,"d":"84.2"}]
["Faz Adubação Mineral, quando necessário",142,null,{"v":48.797250859106526,"d":"48.8"}]
["Faz Adubação Orgânica, quando necessário",35,null,{"v":12.027491408934708,"d":"12.0"}]
["Faz Adubação Verde, quando necessário",11,null,{"v":3.780068728522337,"d":"3.8"}]
["Utiliza Manejo Integrado de Pragas (MIP)",5,null,{"v":1.718213058419244,"d":"1.7"}]
["Utiliza Hidroponia",1,null,{"v":0.3436426116838488,"d":"0.3"}]
["Utiliza Cultivo em Estufa",1,null,{"v":0.3436426116838488,"d":"0.3"}]
["Utiliza Mudas Fiscalizadas",94,null,{"v":32.302405498281786,"d":"32.3"}]
["Utiliza Semente Melhorada",106,null,{"v":36.42611683848797,"d":"36.4"}]
["Faz Confinamento de Bovinos",4,null,{"v":1.3745704467353952,"d":"1.4"}]
["Utiliza Pastejo Intensivo",20,null,{"v":6.872852233676976,"d":"6.9"}]
["Faz Inseminação Artificial",3,null,{"v":1.0309278350515465,"d":"1.0"}]
["Faz Mineralização do Rebanho",150,null,{"v":51.54639175257732,"d":"51.5"}]
["Faz Vermifugação do Rebanho",150,null,{"v":51.54639175257732,"d":"51.5"}]
["Possui Parceiros /Arrendatários na Exploração Animal",19,null,{"v":6.529209621993128,"d":"6.5"}]
["Existência de trabalhadores c/ deficiência na UPA","-",null,"-"]
["Esporte e lazer","-",null,"-"]
["Extração mineral","-",null,"-"]
["Hotel Fazenda, Pousada ou SPA","-",null,"-"]
["Pesque-pague","-",null,"-"]
["Restaurante ou Lanchonete",1,null,{"v":0.3436426116838488,"d":"0.3"}]
["Transformação artesanal","-",null,"-"]
["Turismo rural ou ecoturismo",1,null,{"v":0.3436426116838488,"d":"0.3"}]
["Outras atividades econômicas rurais",3,null,{"v":1.0309278350515465,"d":"1.0"}]
["Agroindústria","-",null,"-"]
["Proprietário sem instrução ou com instrução incompleta",53,null,{"v":18.213058419243985,"d":"18.2"}]
["Proprietário com antigo primário completo",110,null,{"v":37.80068728522337,"d":"37.8"}]
["Proprietário com 1° grau (ou antigo ginasial) completo",31,null,{"v":10.652920962199312,"d":"10.7"}]
["Proprietário com 2° grau (ou antigo colegial) completo",37,null,{"v":12.714776632302407,"d":"12.7"}]
["Proprietário com curso superior completo ",51,null,{"v":17.525773195876287,"d":"17.5"}]
["Pessoa Jurídica",9,null,{"v":3.0927835051546393,"d":"3.1"}]
["Proprietário residente na própria UPA ",138,null,{"v":47.42268041237113,"d":"47.4"}]
["Fonte: Secretaria de Agricultura e Abastecimento, CDRS/IEA, Projeto LUPA."]
[]
["TABELA 359.5 - Área Cultivada, Município de Narandiba, Estado de São Paulo, 2016/17."]
["CULTURA","N.DE UPAs","MÍNIMO","MÉDIO","MÁXIMO","TOTAL"]
["Cana-de-acucar finalidade industria",72,0.3,{"v":177.27,"d":"177.3"},{"v":9228.8,"d":"9,228.8"},{"v":12763.7,"d":"12,763.7"}]
["Braquiaria",188,0.5,{"v":50.56,"d":"50.6"},{"v":3021.9,"d":"3,021.9"},{"v":9504.5,"d":"9,504.5"}]
["Milho safra",17,2.4,{"v":125.44,"d":"125.4"},{"v":944,"d":"944.0"},{"v":2132.5,"d":"2,132.5"}]
["Soja",25,2.9,{"v":81.32,"d":"81.3"},{"v":394,"d":"394.0"},{"v":2033.1,"d":"2,033.1"}]
["Gramas",14,3.2,{"v":39.84,"d":"39.8"},259.1,557.7]
["Milho 2 safra",2,14.6,143.8,{"v":273,"d":"273.0"},287.6]
["Mandioca",11,1.5,{"v":11.43,"d":"11.4"},21.5,125.7]
["Eucalipto",19,0.1,{"v":3.36,"d":"3.4"},{"v":20,"d":"20.0"},63.8]
["Pimenta",1,{"v":40,"d":"40.0"},{"v":40,"d":"40.0"},{"v":40,"d":"40.0"},{"v":40,"d":"40.0"}]
["Cana-de-acucar outras finalidades",9,0.1,{"v":4.39,"d":"4.4"},14.5,39.5]
["Manga",6,0.5,{"v":5.47,"d":"5.5"},15.2,32.8]
["Sorgo-forrageiro",2,{"v":6,"d":"6.0"},{"v":15,"d":"15.0"},{"v":24,"d":"24.0"},{"v":30,"d":"30.0"}]
["Feijao",3,2.5,6.8,{"v":15,"d":"15.0"},20.4]
["Outras florestais",3,0.2,5.7,14.5,17.1]
["Maracuja",4,{"v":1,"d":"1.0"},{"v":2.73,"d":"2.7"},5.8,10.9]
["Seringueira",1,{"v":10,"d":"10.0"},{"v":10,"d":"10.0"},{"v":10,"d":"10.0"},{"v":10,"d":"10.0"}]
["Batata-doce",1,9.7,9.7,9.7,9.7]
["Abacate",1,9.6,9.6,9.6,9.6]
["Lichia",4,0.5,1.1,1.9,4.4]
["Amora (ou amora-branca)",1,3.6,3.6,3.6,3.6]
["Caqui",1,3.6,3.6,3.6,3.6]
["Feijao-vagem (ou vagem, ou feijao-verde)",1,2.9,2.9,2.9,2.9]
["Jabuticaba",1,2.4,2.4,2.4,2.4]
["Roma",1,2.4,2.4,2.4,2.4]
["Banana",2,{"v":1,"d":"1.0"},{"v":1,"d":"1.0"},{"v":1,"d":"1.0"},{"v":2,"d":"2.0"}]
["Pomar domestico",3,0.1,{"v":0.57,"d":"0.6"},1.5,1.7]
["Uva fina",1,1.5,1.5,1.5,1.5]
["Coloniao",1,1.5,1.5,1.5,1.5]
["Alface",1,1.5,1.5,1.5,1.5]
["Uva rustica",1,{"v":1,"d":"1.0"},{"v":1,"d":"1.0"},{"v":1,"d":"1.0"},{"v":1,"d":"1.0"}]
["Goiaba",1,{"v":1,"d":"1.0"},{"v":1,"d":"1.0"},{"v":1,"d":"1.0"},{"v":1,"d":"1.0"}]
["Coco-da-baia",1,{"v":1,"d":"1.0"},{"v":1,"d":"1.0"},{"v":1,"d":"1.0"},{"v":1,"d":"1.0"}]
["Anona (fruta-do-conde, ou pinha, ou atemoia)",1,0.7,0.7,0.7,0.7]
["Cafe",1,0.5,0.5,0.5,0.5]
["Pitanga",1,0.5,0.5,0.5,0.5]
["Capim-napier (ou capim-elefante)",2,0.1,{"v":0.15,"d":"0.2"},0.2,0.3]
["Laranja destino misto",1,0.1,0.1,0.1,0.1]
["Fonte: Secretaria de Agricultura e Abastecimento, CDRS/IEA, Projeto LUPA."]